[Event "MPL 47th National Women Chess-ch 2022"]
[Site "Odisha"]
[Date "2022.02.26"]
[Round "3.6"]
[White "Bommini Mounika Akshaya"]
[Black "Pratyusha, Bodda"]
[Result "1/2-1/2"]
[WhiteElo "2145"]
[BlackElo "2328"]
[Annotator "TA"]
[PlyCount "60"]
[EventDate "2022.02.25"]
[EventCountry "IND"]
[SourceTitle "playchess.com"]
[Source "ChessBase"]
[SourceQuality "1"]

{[%evp 9,60,32,32,25,18,23,37,36,48,35,79,85,115,96,88,89,92,98,85,86,98,116,154,94,108,100,101,97,101,43,50,41,45,45,47,33,39,47,39,39,47,39,43,40,47,0,0,0,54,0,0,0,52]} 1. e4 c6 2. Nc3 d5 3. Nf3 dxe4 4. Nxe4 Nf6 5. Qe2 Bg4 6. Nxf6+ {B11: Caro-Kann: Two Knights Variation.} gxf6 7. h3 $1 Bxf3 (7... Bh5 {keeps more tension.} 8. d3 Na6 9. Bd2 Bg6 10. g3 e5) 8. Qxf3 {White is slightly better.} Nd7 9. d4 {[#]} Qb6 $146 (9... Nb6 $14 {feels stronger.}) ({Predecessor:} 9... e6 10. c3 h5 11. g4 Qa5 12. Be2 O-O-O 13. gxh5 Bh6 14. Bxh6 Rxh6 15. Rg1 Rh7 {0-1 (41) Berger,S (2435)-Hein,A (2254) Germany 2019}) 10. c3 $16 h5 11. Bc4 e6 12. a4 a5 13. O-O Bd6 14. Re1 {[%cal Oc4e6] Bxe6! is the strong threat.} O-O-O 15. b4 Rdg8 {[#]} 16. Bf1 (16. Ba3 $142 $1) 16... Bb8 {[#]} 17. Bf4 {To avoid Qc7} Bxf4 18. Qxf4 Qc7 19. Qxc7+ ({White should play} 19. Qd2 $16) 19... Kxc7 $14 20. bxa5 Ra8 {Inhibits a6.} 21. a6 $1 bxa6 22. a5 h4 23. Reb1 Rh5 24. Be2 Rg5 25. Rb4 Rag8 26. Bf1 Rd5 27. Bc4 Rdg5 28. Bf1 Rd5 29. Bc4 ({Reject} 29. Bxa6 Ra8 30. Be2 (30. Rb7+ Kd6 $11) 30... Rdxa5 $11) 29... Rdg5 30. Bf1 Rd5 $1 {Weighted Error Value: White=0.10 (very precise) /Black=0.08 (flawless)} 1/2-1/2

[Event "MPL 47th National Women Chess-ch 2022"]
[Site "Odisha"]
[Date "2022.02.26"]
[Round "3.7"]
[White "Swati Ghate"]
[Black "Priyanka Nutakki"]
[Result "0-1"]
[WhiteElo "2136"]
[BlackElo "2301"]
[Annotator "TA"]
[PlyCount "70"]
[EventDate "2022.02.25"]
[EventCountry "IND"]
[SourceTitle "playchess.com"]
[Source "ChessBase"]
[SourceQuality "1"]

{[%evp 9,70,-18,0,0,2,-54,-5,-5,16,26,33,36,55,37,36,34,37,42,29,31,37,25,42,45,27,27,140,33,63,-45,-38,-71,-72,-130,-129,-98,-102,-178,-137,-209,-194,-170,-179,-228,-224,-354,-293,-730,-528,-781,-569,-558,-571,-572,-564,-594,-541,-463,-382,-5493,-5489,-5097,-1708]} 1. e4 e6 2. d4 d5 3. Bd3 {[%cal Bf1d3,Bd3e4,Be4f3][%mdl 32]} dxe4 4. Bxe4 Nf6 5. Bf3 Bd6 6. Nc3 {C01: French: Exchange Variation.} O-O 7. Nb5 {[#]} ({White should play} 7. Nge2 $11) 7... Re8 $146 (7... e5 $15) ({Predecessor:} 7... Bb4+ 8. c3 Be7 9. Bf4 Na6 10. a4 c6 11. Na3 c5 12. Ne2 cxd4 13. Qxd4 Qxd4 14. cxd4 {0-1 (33) Onischuk,V (2633)-Firouzja,A (2728) Chess.com INT 2020}) 8. Ne2 $11 {The position is equal.} Bb4+ 9. c3 Bf8 10. Bf4 Na6 11. a4 c6 12. Na3 c5 13. Be5 cxd4 14. Nxd4 Nd7 15. Bg3 Ndc5 16. O-O $1 {And now Re1 would win.} e5 17. Ndb5 {Threatens to win with b4.} Qf6 (17... Qxd1 $11 {keeps the balance.} 18. Bxd1 Be6) 18. Nc4 (18. b4 $16) 18... Bf5 19. Ne3 (19. Bxe5 $1 $14 Rxe5 20. Nxe5 Qxe5 21. b4) 19... Rad8 $36 {[%mdl 2048] Black has good play.} 20. Nd5 Qg6 21. c4 (21. Bh5 $142 Qe6 22. c4) 21... Bc2 $17 22. Qe1 Nb3 23. Ra2 (23. Rd1 $17 {keeps fighting.}) 23... Nd4 $19 24. Qc3 (24. Nxd4 $17 {was called for.} exd4 25. Qc1) 24... Nxf3+ 25. gxf3 Bf5 26. b3 {[#]} (26. Raa1 {was worth a try.}) 26... Bh3 $1 27. Rc1 (27. Re2 {was necessary.}) 27... h5 28. f4 $2 (28. Re2 h4 29. Rxe5) 28... h4 ({Worse is} 28... Qe4 29. f3 Qg6 30. Kh1 $19) 29. fxe5 hxg3 30. hxg3 {[#]} Rxd5 {[%mdl 512]} 31. cxd5 Rc8 32. Qe1 Rxc1 33. Qxc1 Qe4 {[%csl Gh3][%cal Re4g2]} 34. f4 $2 (34. f3 Qxe5 35. Qf4 Qxd5 36. Rd2 Qxb3 37. Rd8) 34... Bc5+ {A strong pair of Bishops.} 35. Kh2 Qh7 {Weighted Error Value: White=0.68/Black=0.26 (precise)} 0-1

[Event "MPL 47th National Women Chess-ch 2022"]
[Site "Odisha"]
[Date "2022.02.26"]
[Round "3.8"]
[White "Bala Kannamma P"]
[Black "Arpita, Mukherjee"]
[Result "1/2-1/2"]
[WhiteElo "2120"]
[BlackElo "2260"]
[Annotator "TA"]
[PlyCount "60"]
[EventDate "2022.02.25"]
[EventCountry "IND"]
[SourceTitle "playchess.com"]
[Source "ChessBase"]
[SourceQuality "1"]

{[%evp 18,60,32,31,26,16,24,22,48,47,72,41,69,70,75,87,78,37,39,0,0,0,0,0,0,0,0,0,0,0,0,0,40,12,2,16,12,0,0,0,14,0,0,0,20]} 1. e4 c5 2. Nf3 d6 3. c3 Nf6 4. Bd3 {[%cal Bf1d3,Bd3c2,Bc2b3][%mdl 32]} Nc6 5. h3 g6 6. O-O Bg7 7. Bc2 O-O 8. d4 cxd4 9. cxd4 Nb4 10. Bb3 b6 {B50: Sicilian: 2...d6, Miscellaneous.} (10... Nxe4 $2 11. Qe1 $18) 11. a3 Nc6 12. Nc3 Ba6 13. Re1 {[#]} e5 $146 ({Predecessor:} 13... Na5 14. Ba2 Rc8 15. Bg5 h6 16. Bd2 Nc4 17. Qa4 Nxd2 18. Nxd2 Bb7 19. Qxa7 Qc7 {0-1 (45) Aragon Placencia,J (2066)-Solares Orozco,K (2185) Ciego de Avila 2018}) 14. Bg5 {Black must now prevent dxe5.} (14. dxe5 {feels hotter.} dxe5 15. Bd5 Rc8 16. Bg5 h6 17. Bxc6 Rxc6 18. Qxd8 Rxd8 19. Nd5) 14... h6 {[#]} 15. dxe5 $1 Nxe5 (15... dxe5 16. Bd5) 16. Nxe5 dxe5 17. Qxd8 {White is more active.} (17. Bxf6 $16 Qxf6 18. Nd5) 17... Raxd8 $14 18. Bxf6 Bxf6 {[%cal Bg7f6,Bf6g5,Bg5h6][%mdl 32]} 19. Nd5 Bg5 20. g3 h5 21. h4 Bh6 22. Rad1 Kg7 23. Nb4 Bb5 24. a4 Bd7 (24... Bd2 {seems wilder.} 25. Rxd2 Rxd2 26. axb5 Rxb2 27. Re3 f5) 25. Rd3 {[#] Red1 is the strong threat.} (25. Rd5 $5 {[%cal Re1d1]}) 25... Bg4 {Prevents Red1. The position is equal.} 26. Bd5 Bd7 27. Bb3 Bg4 {Prevents Red1.} 28. Bd5 Bd7 29. Bb3 {Strongly threatening Red1.} Bg4 {Prevents Red1. And now ...Bd2 would win.} 30. Bd5 Bd7 {Weighted Error Value: White=0.08 (flawless) /Black=0.07 (flawless)} 1/2-1/2

[Event "MPL 47th National Women Chess-ch 2022"]
[Site "Odisha"]
[Date "2022.02.26"]
[Round "3.9"]
[White "Kotepalli, Sai Nirupama"]
[Black "Sharma Isha"]
[Result "1/2-1/2"]
[WhiteElo "1914"]
[BlackElo "2253"]
[Annotator "TA"]
[PlyCount "91"]
[EventDate "2022.02.25"]
[EventCountry "IND"]
[SourceTitle "playchess.com"]
[Source "ChessBase"]
[SourceQuality "1"]

{[%evp 9,91,5,16,26,43,37,31,26,35,33,106,62,108,37,58,59,60,47,62,52,55,38,41,39,162,72,89,106,131,27,128,118,143,127,122,137,245,12,36,37,79,51,57,40,68,42,66,50,47,0,0,0,0,-17,-17,-17,-15,-18,-11,-23,-14,-22,-18,-13,-40,-31,-32,-61,-59,-43,-45,-53,-50,-62,-46,-74,0,0,0,0,0,0,0,0]} 1. d4 Nf6 2. Bf4 c5 3. c3 Qb6 4. Qc2 d6 5. e3 Nc6 {[%cal Rc5d4] [#]} 6. Nf3 $146 {A45: Trompowsky Attack.} ({Predecessor:} 6. Nd2 cxd4 7. exd4 g6 8. Ngf3 Bg7 9. Be2 O-O 10. O-O Bf5 11. Qb3 Qc7 12. h3 {0-1 (71) Le,T (2485)-Xiong,J (2629) Chess.com INT 2017}) 6... Bg4 7. Nbd2 cxd4 8. exd4 {White is slightly better.} Rc8 {[%cal Oc6d4]} 9. Qb3 Nd7 ({Black should play} 9... Qc7 $14) 10. Be2 (10. d5 $16 Nce5 11. Bxe5 dxe5 12. Qxb6 axb6 13. Bb5) 10... Na5 (10... e6 $14 {might be stronger.}) 11. Qc2 (11. Qa4 $1 $16) 11... g6 12. b4 Nc6 {[%cal Oc6b4]} 13. Qb3 Nf6 (13... e5 $2 14. Ng5 $1 Nd8 15. Bxg4 $18) 14. Ng5 Nd8 15. Bxg4 Nxg4 16. O-O h6 (16... Bg7 $14) 17. Ngf3 (17. Nge4 $18 {has better winning chances.}) 17... Ne6 18. Bg3 {Threatens to win with Rae1.} Bg7 19. Nh4 ({White should try} 19. Rfe1 $16 {aiming for Rxe6.} Qc7 20. Rac1) 19... Nd8 (19... d5 $1 $11) 20. Rae1 $1 $16 Qc6 {To avoid Nc4} 21. Ne4 $1 {Hoping for b5.} Kf8 22. b5 $1 Qd7 {[#]} (22... Qb6 $16) 23. Re2 $2 ({Only move:} 23. f4 $1 $18 {[%cal Rf4f5]}) 23... g5 (23... Nf6 $5 {[%cal Rf6e4]}) 24. Nf3 f5 (24... Nf6 $14 {should be considered.}) 25. Ned2 {White is much more active. Black has bad knights.} f4 {[#]} 26. h3 $1 {[%cal Og3f4] Strongly threatening Bxf4!} Nf6 27. Bh2 Qf5 $1 28. Rfe1 Rc7 29. Nc4 (29. b6 $14 axb6 30. a4 (30. Qxb6 Nd5 $11)) 29... Qd3 $36 {[%mdl 2048] White is under pressure.} 30. Nfd2 {[%cal Bf3d2,Bd2c4,Bc4d6,Bd6c8,Bc8a7][%mdl 32]} b6 31. Nb2 Qxc3 32. Qxc3 Rxc3 33. Rxe7 Rc2 {[%csl LRb2,LRd2]} 34. Ndc4 {[%cal Oc4d6]} Kg8 {White must now prevent ...d5.} 35. R7e2 ({Don't go for} 35. Rxa7 $2 d5 36. Ne5 Rxb2 $19) 35... Rxe2 36. Rxe2 d5 37. Nd6 Nf7 38. Nc8 Kh7 39. Nxa7 Ne4 {...Ra8 is the strong threat.} 40. Nc6 Nfd6 41. a4 Nf5 42. f3 {[#]} Nxd4 43. Nxd4 {The position is equal.} Bxd4+ 44. Kf1 Nc3 45. Re7+ Kg6 46. Bg1 {Weighted Error Value: White=0.25 (precise) /Black=0.24 (precise)} 1/2-1/2

[Event "MPL 47th National Women Chess-ch 2022"]
[Site "Odisha"]
[Date "2022.02.26"]
[Round "3.10"]
[White "Velpula Sarayu"]
[Black "Parnali, S Dharia"]
[Result "1-0"]
[WhiteElo "1875"]
[BlackElo "2224"]
[Annotator "TA"]
[PlyCount "89"]
[EventDate "2022.02.25"]
[EventCountry "IND"]
[SourceTitle "playchess.com"]
[Source "ChessBase"]
[SourceQuality "1"]

{[%evp 9,89,22,30,30,18,22,15,19,35,27,41,48,48,44,53,60,58,66,67,17,20,-27,-27,-27,-30,-29,-26,-39,-39,-39,-39,-79,-35,-54,-23,-30,-20,-16,-15,-17,0,0,0,0,0,0,0,0,4,1,27,27,37,37,37,34,81,81,81,81,127,110,120,120,250,182,436,400,732,84,1380,252,5302,5117,10395,6187,5722,9957,29953,7309,6528,1745]} 1. e4 e5 2. Nf3 Nc6 3. d4 exd4 4. Nxd4 Qf6 5. Nf3 Bc5 6. Nc3 {[%cal Bb1c3,Bc3b5,Bb5d4][%mdl 32] C45: Scotch Game.} Nge7 7. Nb5 Bb6 8. Be3 {Strongly threatening Bxb6. The position is equal.} Ba5+ 9. c3 a6 10. Nbd4 {[#]} Bb6 $146 ({Predecessor:} 10... h6 11. Nb3 Bb6 12. Bxb6 cxb6 13. Qd2 O-O 14. O-O-O d5 15. exd5 Rd8 16. c4 b5 {1-0 (54) Wang,T (2335)-Eckert,D (2162) Charlotte 2021}) 11. Bd3 h6 {Prevents Bg5.} 12. Bc2 Nxd4 13. Nxd4 d5 14. exd5 (14. Ba4+ $14 Kf8 15. Bc2) 14... Nxd5 $11 15. Qd3 (15. O-O {should be considered.}) 15... Nxe3 16. fxe3 ({Of course not} 16. Qxe3+ Be6 $17) 16... Bd7 17. Qe4+ Qe7 18. Rf1 Qxe4 19. Bxe4 c6 20. O-O-O Rd8 ({Better is} 20... g6 $1 $17) 21. Bc2 Ke7 22. Bb3 f6 23. e4 Bc7 24. h3 Rhe8 25. Nf5+ Bxf5 26. exf5 Rxd1+ 27. Rxd1 Rd8 28. Rxd8 Bxd8 {[%mdl 4096] Endgame KB-KB} 29. Kd2 Kd6 30. Ke3 Ke5 31. Be6 a5 32. Kf3 h5 (32... g5 $14 {was preferrable.}) 33. Bc8 $1 $16 b5 34. Kg3 Bb6 (34... b4 $142) 35. Kh4 Be3 36. Kxh5 Bc1 (36... c5 $16 37. Kg6 Bh6) 37. b3 b4 $2 (37... Bd2 38. Kg6 Kf4) 38. cxb4 $18 axb4 (38... Bd2 $142 39. bxa5 Bxa5) 39. Kg6 $2 (39. h4 $1 $18 {is the precise move to win.} Kf4 40. Kg6) 39... Kf4 $2 {[%mdl 8192]} (39... Bh6 $16) 40. Bd7 $2 (40. Kxg7 Kg5 41. g3) 40... c5 $2 (40... Bb2 41. h4 (41. Bxc6 Kg3 $18) 41... Kg4) 41. Kxg7 Bb2 {[#]} 42. h4 $1 {[%cal Bh3h4,Bh4h5][%mdl 32] h5 would kill now.} Kg4 {[#]} 43. g3 $1 {Intending Kg6 and mate.} Be5 44. Kg6 {Threatening mate with h5.} Bxg3 45. h5 {Weighted Error Value: White=0.44/Black=0.37} 1-0

[Event "MPL 47th National Women Chess-ch 2022"]
[Site "Odisha"]
[Date "2022.02.26"]
[Round "3.11"]
[White "Srija, Seshadri"]
[Black "Bristy Mukherjee"]
[Result "1/2-1/2"]
[WhiteElo "2219"]
[BlackElo "1856"]
[Annotator "TA"]
[PlyCount "112"]
[EventDate "2022.02.25"]
[EventCountry "IND"]
[SourceTitle "playchess.com"]
[Source "ChessBase"]
[SourceQuality "1"]

{[%evp 9,112,48,57,58,56,60,63,44,81,85,231,-14,-21,-16,193,-60,-65,-59,-60,-61,-34,-28,-11,-33,-28,-25,-10,-30,-28,-42,-39,-34,-42,-25,-31,-65,-39,-49,-43,-42,0,-20,-20,-36,-26,-79,-71,-81,-65,-56,-49,-52,-40,-41,-42,-40,-39,-70,-67,-116,-114,-105,-48,-79,-8,-11,-14,-8,0,-71,-71,-71,-71,-67,-65,-62,-10,-14,-18,-415,-70,-122,-112,-117,-75,-67,-48,-33,-47,-416,-29,-29,-29,-29,-27,-31,-30,-30,-25,-28,-12,-43,-43,-40,-43]} 1. e4 g6 2. d4 Bg7 3. Nf3 c5 4. dxc5 Qa5+ 5. c3 Qxc5 6. Na3 {B27: Sicilian: 2 Nf3, unusual Black 2nd moves.} d6 7. Be3 Qa5 {[%cal Og7c3]} 8. e5 {White is slightly better.} dxe5 9. Nb5 $1 {White is more active.} Bd7 {[#]} (9... Nc6 $16) 10. b4 $146 ({Predecessor:} 10. Qd5 Nc6 11. Ng5 Nh6 12. Bc4 e6 13. Qd2 {1-0 (13) Panarin,M (2559)-Gochelashvili,D (2427) Krasnodar 2014}) 10... Qd8 $11 11. Bc4 {Strongly threatening Qd5.} (11. Bxa7 $2 Rxa7 $1 12. Nxa7 Qb6 $19) 11... Nf6 {[#] Inhibits Qd5.} (11... Nh6 $1 $11 {and Black is okay.}) 12. Qb3 $2 (12. Bxa7 O-O 13. a4 Nc6 $17) (12. Nxe5 O-O $11) ({White must play} 12. Bxf7+ $1 $18 {[%mdl 512]} Kf8 (12... Kxf7 13. Qb3+) 13. Nxe5) 12... O-O $1 $15 13. Ng5 {[%cal Rg5f7]} Bxb5 14. Bxb5 h6 15. Rd1 Qc7 16. Nxf7 Rxf7 17. Bc4 e6 $1 18. Bxe6 {A strong pair of Bishops.} Nc6 19. Qc4 Qe7 20. O-O Nd8 21. Bxf7+ Qxf7 22. Qe2 Ne6 23. Bc1 Qc7 24. Rfe1 Nh5 (24... e4 $15) 25. Qg4 Qf7 26. Rd6 Re8 {[%cal Oe5e4]} 27. Red1 (27. Qc4 $11) 27... Nf6 $17 28. Qc4 Bf8 29. R6d2 Nf4 30. Qxf7+ Kxf7 31. g3 Ne6 {[%cal Bf4e6,Be6g5,Bg5f3][%mdl 32]} 32. Re2 e4 33. Kg2 Rc8 34. Bb2 (34. Rc2 $15) 34... Ng5 35. a3 b5 (35... Nf3 $17) 36. a4 a6 (36... bxa4 $17 37. Ra1 Rc4) 37. axb5 axb5 38. Ra1 $1 Nf3 39. Ra7+ (39. Ra5 $11 {keeps the balance.}) 39... Be7 40. Rb7 Rd8 $36 {[%mdl 2048] ...Rd1 is the strong threat. Black has strong initiative.} 41. c4 {And now Bxf6 would win.} Rd1 $1 (41... bxc4 $2 42. Bxf6 Kxf6 43. Rxe4 $18 (43. Rxe7 Kxe7 44. Rxe4+ Kd6 $16)) 42. Bxf6 (42. cxb5 Rg1+ 43. Kh3 Ng5+ 44. Kh4 Rg2 45. Bxf6 Kxf6 $19) 42... Rg1+ 43. Kh3 Kxf6 44. Kg4 $2 {[%mdl 8192]} (44. cxb5 h5 45. Rxe7 Ng5+ 46. Kh4 Rg2 47. Rf7+ Nxf7 $19) (44. Rxb5 $11 {and White stays safe.} Ng5+ 45. Kg4) 44... Ne5+ $2 (44... Bd6 $1 $19 {( -> ...h5+)} 45. Rxe4 Ng5 46. Rf4+ (46. Rd4 $2 h5+ 47. Kh4 Nf3+ 48. Kh3 Nxd4 $19) 46... Bxf4 47. Kxf4 Re1 48. Rb6+ Ke7) 45. Kf4 ({White should try} 45. Kh3 $1 $15) 45... Nxc4 {Hoping for ...h5.} 46. Rxb5 g5+ ({Better is} 46... h5 {[%cal Og6g5] White must now prevent ...g5+!} 47. Rd5 Nd6) 47. Kg4 Ne5+ 48. Kh5 Rh1 {[%cal Rh1h2]} 49. f4 $2 {[%mdl 8192] [#]} (49. h4 $1 $15) 49... gxf4 $2 (49... exf3 $1 $19 50. Rbxe5 (50. Rexe5 $2 Rxh2+ 51. Kg4 f2 $19) 50... fxe2 51. Rxe2 Bxb4 52. Rf2+ Kg7) 50. gxf4 $11 Nd3 {[%csl LRb4,LRf4]} 51. Rxe4 Nf2 {[%cal Rh1h2]} 52. Rb6+ Kf7 {[%cal Rh1h2]} 53. Rxe7+ $1 Kxe7 54. h4 Nd3 55. Kg4 Rf1 56. Rxh6 Rxf4+ {Weighted Error Value: White=0.47/Black=0.46} 1/2-1/2

[Event "MPL 47th National Women Chess-ch 2022"]
[Site "Odisha"]
[Date "2022.02.26"]
[Round "3.12"]
[White "Divya Deshmukh"]
[Black "Harshini A"]
[Result "1-0"]
[WhiteElo "2301"]
[BlackElo "2131"]
[Annotator "TA"]
[PlyCount "113"]
[EventDate "2022.02.25"]
[EventCountry "IND"]
[SourceTitle "playchess.com"]
[Source "ChessBase"]
[SourceQuality "1"]

{[%evp 14,113,14,14,7,9,6,15,9,0,8,0,0,6,0,6,12,0,5,0,24,12,68,44,50,38,73,33,69,33,28,37,133,123,127,127,123,127,123,127,137,137,152,126,428,412,409,427,408,427,428,414,405,396,428,385,365,360,359,352,510,486,438,379,473,467,459,450,707,693,718,693,682,670,667,621,690,479,457,471,567,463,572,571,495,456,492,489,598,577,624,668,677,666,1985,2129,4822,4822,29987,29988,29998,29999]} 1. d4 Nf6 2. Bg5 Ne4 3. Bf4 c5 4. f3 Qa5+ 5. c3 Nf6 6. d5 e6 7. e4 exd5 8. exd5 {aiming for d6.} d6 $1 {A45: Trompowsky Attack.} 9. Bc4 Be7 10. a4 {Prevents b5.} O-O {The position is equal.} 11. Ne2 {[#]} a6 $146 ({Predecessor:} 11... Nh5 12. Bd2 Nd7 13. O-O Ne5 14. Na3 Qc7 15. g4 Nf6 16. Ba2 h6 17. Nc4 Nxc4 18. Bxc4 {½-½ (38) Tyulenko,Y (2448)-Morozov,D (2376) ICCF email 2014}) 12. Nd2 Nbd7 13. Bb3 Qc7 14. O-O Rb8 15. a5 b6 (15... b5 $5 {[%cal Rc5c4]}) 16. axb6 Nxb6 17. c4 $1 Re8 (17... Nh5 $11) 18. Ng3 a5 {[%cal Of6d5]} 19. Qc2 Bd7 20. Qd3 Nc8 21. Ra2 Rb4 22. Bc2 g6 (22... Nb6 $14) 23. Bh6 $1 $16 Bf8 24. Bxf8 Rxf8 25. Qc3 Ne8 26. Rfa1 {White is more active.} Qd8 27. Rxa5 Qh4 28. Ba4 Nf6 {[%mdl 8192] This costs Black the game.} (28... Rxa4 $16 {is tougher.} 29. R5xa4 (29. R1xa4 Bxa4 30. Rxa4 f5 $16) 29... Bxa4) 29. Nde4 Nxe4 30. Nxe4 Bxa4 31. Nf6+ (31. R1xa4 Rb3 32. Qc1 (32. Nf6+ Kh8 $17) 32... f5 $15) ({Not} 31. R5xa4 f5 32. Nf2 (32. Rxb4 cxb4 33. Qe1 Qxe1+ 34. Rxe1 fxe4 $17) 32... Rxa4 33. Rxa4 Re8 $16) 31... Kh8 {Threatens to win with ...Rb3.} 32. R5xa4 ({Worse is} 32. R1xa4 Rb3 $1 33. g3 Rxc3 $17) 32... Rxa4 33. Rxa4 {Hoping for Nd7+.} Qd4+ 34. Qxd4 cxd4 $18 {[%mdl 4096] Endgame KRN-KRN} 35. Kf2 Kg7 {[#]} 36. Ne4 h6 (36... Re8 {is a better defense.} 37. Ra6 d3) 37. Ke2 f5 38. Ng3 Kf6 39. Kd3 Re8 40. Ra8 h5 (40... Ke7 $142 41. Ra1 Kd7 42. Kxd4 Kc7) 41. h4 Ke7 42. Ne2 Kd7 43. Nxd4 Re1 44. Ne6 Rh1 45. Nf8+ Kc7 46. Nxg6 Rh2 47. Nf4 Rxh4 48. Ne6+ Kb7 49. Ra2 Ne7 50. b3 Ng6 51. Ng7 Ne5+ 52. Kc3 Rh1 53. Nxf5 Nf7 54. Re2 {Intending Re7+ and mate.} Kb6 55. Re7 Ng5 56. Nxd6 Rg1 57. Nc8+ {Weighted Error Value: White=0.11 (very precise) /Black=0.41} 1-0

[Event "MPL 47th National Women Chess-ch 2022"]
[Site "Odisha"]
[Date "2022.02.26"]
[Round "3.13"]
[White "Salonika, Saina"]
[Black "Mrittika Mallick"]
[Result "1-0"]
[WhiteElo "2206"]
[BlackElo "1666"]
[Annotator "TA"]
[PlyCount "129"]
[EventDate "2022.02.25"]
[EventCountry "IND"]
[SourceTitle "playchess.com"]
[Source "ChessBase"]
[SourceQuality "1"]

{[%evp 15,129,33,16,26,58,25,29,20,27,35,24,-35,-35,-20,-24,-25,31,-50,-46,-37,-32,-35,-12,-24,0,0,0,0,0,-10,9,20,46,33,31,37,35,27,45,43,45,51,90,30,35,22,22,22,24,18,42,6,16,28,118,113,108,80,79,87,90,84,496,491,525,522,638,623,725,731,530,591,421,52,77,35,1004,646,1056,689,658,374,643,643,637,637,536,119,630,360,628,558,255,0,0,0,0,0,1022,934,29980,29980,29985,29986,29986,29987,29987,29986,29985,29986,29987,29986,29989,29990,29990,29990]} 1. e4 c6 2. d4 d5 3. Nc3 dxe4 4. Nxe4 Nf6 5. Nxf6+ exf6 6. c3 Bd6 7. Bd3 O-O 8. Ne2 Re8 9. Qc2 {B15: Caro-Kann: 3 Nc3: 3...g6 and 3...dxe4 4 Nxe4 Nf6 5 Nxf6+ exf6.} h5 10. Be3 Nd7 {[%cal Bb8d7,Bd7f8,Bf8g6,Bg6e7][%mdl 32]} 11. O-O-O {White has an edge.} Nf8 12. Kb1 Be6 13. Nf4 (13. c4 $11) 13... Bxf4 $15 14. Bxf4 Ng6 15. Bc1 {[%cal Bf4c1,Bc1b2,Bb2c3][%mdl 32]} (15. Bxg6 fxg6 16. Qa4 Qd5 $17) 15... b5 {[#]} (15... Qd6 $11) 16. b3 $146 (16. Bxg6 fxg6 17. Ka1 Qd5 $17) (16. f4 $1 $14 Bc4 17. Be4 (17. Bxg6 fxg6 18. Qxg6 Bf7 $15)) ({Predecessor:} 16. f4 Ne7 17. f5 Bc4 18. Be4 Nd5 19. Bd2 b4 20. cxb4 Qb6 21. Bd3 Bxd3 22. Qxd3 Nxb4 {½-½ (40) Khachiyan,M (2493)-Sorokin,A (2513) Saint Louis 2019}) 16... Ne7 17. c4 bxc4 18. bxc4 (18. Bh7+ $2 Kh8 19. Be4 cxb3 $19) 18... Rb8+ 19. Bb2 Qa5 {[%cal Oe7g6]} 20. Ka1 Red8 21. Bc3 {A strong pair of Bishops.} Qa3 {[%cal Oe6f5]} 22. Rb1 Ng6 {Strongly threatening ...Nf4.} 23. g3 {To avoid Nf4} Nf8 24. Rxb8 Rxb8 25. Rb1 (25. Rd1 {keeps more tension.} Qa6 26. Bb2 Bg4 27. Rf1 Rd8 28. f3) 25... Rxb1+ 26. Kxb1 Nd7 27. Qb3 Qa6 28. Kc2 Qc8 29. a4 (29. Qa4 $16) 29... Nf8 $11 30. Bd2 Bf5 31. h4 Qd7 32. Be3 g6 33. Qb8 Bxd3+ 34. Kxd3 Qf5+ (34... Kg7 $11) 35. Kc3 $16 Qa5+ 36. Kb3 {[#] Threatens to win with Bh6.} Qe1 37. Qxa7 {Active counter play!} Qb1+ 38. Ka3 {Black must now prevent Qa8.} Ne6 $2 {[%mdl 8192]} (38... Kg7 $16 {is tougher.}) 39. Qa8+ $18 Kg7 40. Qxc6 Qa1+ 41. Kb4 Qb2+ 42. Ka5 Nxd4 43. Bxd4 Qxd4 {[%mdl 4096] Endgame KQ-KQ} 44. Ka6 $2 ({White should try} 44. c5 $18) 44... Qxf2 $14 {[#]} 45. a5 ({White should play} 45. Qc7 $1 $16) 45... Qe1 {[%mdl 8192]} (45... Qxg3 $14 46. c5 f5) 46. Qc7 Qe4 47. Ka7 {aiming for c5.} g5 48. a6 gxh4 49. gxh4 f5 50. c5 {c6 is the strong threat.} f4 51. Qb7 $2 (51. c6 $18 {is the precise move to win. And now Qb6 would win.} f3 52. Qb6 (52. Qg3+ Kh7 $16)) 51... Qe3 $2 {[%mdl 8192]} (51... Qd4 $16) 52. Qg2+ (52. Kb6 f3 $16) 52... Kf8 $2 (52... Kh7 53. Qd5 f3 54. Qxf7+ Kh6) 53. Qg5 $18 Qd4 54. Qxh5 (54. Qh6+ $18 Kg8 55. Qd6 (55. Qxh5 Qd7+ 56. Kb8 Qd8+ 57. Kb7 Qe7+ 58. Kc8 Qe8+ 59. Kc7 Qe7+ 60. Kc8 Qe8+ 61. Kc7 Qe7+ 62. Kc8 $11)) 54... Qd7+ $11 55. Kb6 {Qh8+ would kill now.} Qd8+ 56. Kc6 {White threatens Qh8+ and mate.} Qc8+ $2 {[%mdl 8192]} (56... Qf6+ $11 57. Kd5 (57. Kb5 Qb2+ 58. Ka5 Qd2+ 59. Ka4 Qa2+ 60. Kb5 Qb2+ 61. Kc6 Qf6+ 62. Kd5 Qe6+ 63. Kd4 Qe3+ 64. Kd5 Qe6+ 65. Kd4 Qe3+ 66. Kd5 Qe6+ $11) 57... Qe6+ 58. Kd4 Qe3+ 59. Kd5 (59. Kc4 Qe4+ 60. Kb5 Qd3+ 61. Kb4 Qd4+ 62. Kb3 Qd3+ 63. Kb2 Qd2+ 64. Kb3 Qd3+ 65. Kb4 Qd4+ 66. Kb5 Qd3+ 67. Kc6 Qxa6+ 68. Kd7 Qb7+ 69. Kd8 Qa8+ 70. Kd7 Qb7+ 71. Kd8 Qe7+ 72. Kc8 Qf6 $11) 59... Qe6+ 60. Kd4 Qe3+ 61. Kd5 (61. Kc4 Qe4+ 62. Kb5 Qd3+ 63. Kc6 Qxa6+ 64. Kd7 Qe6+ 65. Kc7 Qe7+ 66. Kc6 Qf6+ 67. Kb7 f3 $11) 61... Qe6+) 57. Kb5 $18 {Intending Qh8+ and mate.} Qd7+ 58. c6 {White mates.} Qc7 59. Qc5+ Kg7 60. a7 Qc8 61. Qg5+ Kh7 62. Qxf4 Kg7 63. h5 Qe8 64. Kb6 Qf8 65. Kb7 {Weighted Error Value: White=0.63/Black=0.52} 1-0